Penser la Revolution francaise
Αποθηκεύτηκε σε:
| Κύριος συγγραφέας: | |
|---|---|
| Μορφή: | Βιβλίο |
| Γλώσσα: | French |
| Δημοσίευση: |
France :
Gallimard,
1978.
|
| Σειρά: | Collection Folio/histoire ;
c |
| Θέματα: | |
| Ετικέτες: |
Προσθήκη ετικέτας
Δεν υπάρχουν, Καταχωρήστε ετικέτα πρώτοι!
|
MARC
| LEADER | 00000cam a2200000 i 4500 | ||
|---|---|---|---|
| 001 | 1/2589 | ||
| 008 | 960215s1978 fr | ||| |||| ||fre|| | ||
| 020 | |a 207032298X | ||
| 035 | |l 10014914 | ||
| 040 | |a GR-MyUa |b gre |e AACR2 | ||
| 041 | 0 | |a fre | |
| 082 | 0 | |a Δ/ΚΑ | |
| 100 | 1 | |a Furet, Francois, |d 1927-1997. | |
| 245 | 1 | 0 | |a Penser la Revolution francaise / |c Francois Furet. |
| 260 | |a France : |b Gallimard, |c 1978. | ||
| 300 | |a 315 σ. ; |c 18 εκ. | ||
| 490 | 1 | |a (Collection Folio/histoire ; |v c) | |
| 600 | 1 | 0 | |a Cochin, Augustin, |d 1876-1916. |
| 600 | 1 | 0 | |a Tocqueville, Alexis de, |d 1805-1859. |
| 651 | 0 | |a France |x History |y Revolution, 1789-1799 |x Causes. | |
| 651 | 0 | |a France |x History |y Revolution, 1789-1799 |x Historiography. | |
| 767 | 0 | 8 | |i Μεταφρασμένο ως: |t Interpreting the French Revolution / |
| 830 | 0 | |a Collection Folio/histoire ; |v c | |
| 852 | |a INST |b LESVOS |e 19960215 |h 944.04 FUR |p 005100007263 |q 005100007263 |t BK |y 0 | ||
| 922 | |a 1ΔΩΡ |b 199401 |c ΤΚΑ | ||